| Поле | Название | Значение |
| |
Тип записи |
a |
| |
Библиографический уровень |
m |
| 001 |
Контрольный номер |
RU/URAIT/590430 |
| 005 |
Дата корректировки |
20260429163611.0 |
| 008 |
Кодируемые данные |
260429s2026 RU y f j 000 0 rus u |
| 020 |
Индекс ISBN |
__ |
| a |
ISBN |
978-5-534-20465-0 |
| c |
Цена, тираж |
1769.00 |
| 040 |
Источник каталогиз. |
__ |
| a |
Служба первич. каталог. |
ИКО Юрайт |
| c |
Служба, преобразующая запись |
ИКО Юрайт |
| e |
Правила каталог. |
RCR |
| 041 |
Код языка издания |
__ |
| a |
Код языка текста |
rus |
| 044 |
Код страны публикации |
__ |
| a |
Код страны публикации |
RU |
| 080 |
Индекс УДК |
__ |
| a |
Индекс УДК |
364(075.32) |
| 084 |
Индекс другой классификации/Индекс ББК |
__ |
| 2 |
Источник индекса |
rubbk |
| a |
Индекс другой классификации/Индекс ББК |
65.272я723 |
| 100 |
Автор |
__ |
| a |
Автор |
Приступа Е. Н. |
| q |
Полное имя |
Приступа Елена Николаевна |
| 245 |
Заглавие |
__ |
| a |
Заглавие |
Социальная работа |
| b |
Продолж. заглавия |
учебник и практикум для спо |
| c |
Ответственность |
Е. Н. Приступа [и др.] ; под редакцией Е. Н. Приступы. |
| 250 |
Сведения об издании |
__ |
| g |
|
пер. и доп |
| a |
Основные сведения об издании |
2-е изд. |
| 256 |
Характеристики компьютерного файла |
__ |
| a |
Характеристики компьютерного файла |
Электрон. дан. |
| 260 |
Выходные данные |
__ |
| a |
Место издания |
Москва |
| b |
Издательство |
Юрайт |
| c |
Дата издания |
2026 |
| 300 |
Физическое описание |
__ |
| a |
Объем |
333 с |
| 440 |
Серия |
__ |
| a |
Серия |
Профессиональное образование |
| 500 |
Примечания |
__ |
| a |
Примечание |
URL: https://urait.ru/bcode/590430 (дата обращения: 29.04.2026). |
| 520 |
Аннотация |
__ |
| a |
Аннотация |
В курсе излагаются теоретические и прикладные основы социальной работы как профессии. В нем рассматриваются особенности социальной работы, анализируются этические и квалитологические аспекты, описываются профессиональные стандарты специальности, основные технологии и др. Для студентов вузов, обучающихся по специальности «Социальная работа», преподавателей, работающих в системе образовательных организаций высшего и среднего образования. |
| 538 |
Прим. о системных особенностях |
__ |
| a |
Прим. о системных особенностях |
Режим доступа: Электронно-библиотечная система Юрайт, для авториз. пользователей |
| 653 |
Ключевые слова |
__ |
| a |
Ключевые слова |
Социальная работа |
| 653 |
Ключевые слова |
__ |
| a |
Ключевые слова |
Педагогика, психология, социальная работа |
| 653 |
Ключевые слова |
__ |
| a |
Ключевые слова |
Основы социальной работы |
| 653 |
Ключевые слова |
__ |
| a |
Ключевые слова |
Социальная работа |
| 653 |
Ключевые слова |
__ |
| a |
Ключевые слова |
Теория и методика социальной работы |
| 653 |
Ключевые слова |
__ |
| a |
Ключевые слова |
Обеспечение реализации прав граждан в сфере пенсионного обеспечения и социальной защиты |
| 653 |
Ключевые слова |
__ |
| a |
Ключевые слова |
Введение в социальную работу |
| 700 |
Другие авторы |
__ |
| a |
Другие авторы |
Дорошенко Т. Н. |
| q |
Полное имя |
Дорошенко Татьяна Николаевна |
| 700 |
Другие авторы |
__ |
| a |
Другие авторы |
Тютченко А. М. |
| q |
Полное имя |
Тютченко Александр Максимович |
| 700 |
Другие авторы |
__ |
| a |
Другие авторы |
Кремнева Т. Л. |
| q |
Полное имя |
Кремнева Татьяна Леонидовна |
| 700 |
Другие авторы |
__ |
| a |
Другие авторы |
Фанина Е. Н. |
| q |
Полное имя |
Фанина Евгения Николаевна |
| 700 |
Другие авторы |
__ |
| a |
Другие авторы |
Зверев О. М. |
| q |
Полное имя |
Зверев Олег Михайлович |
| 700 |
Другие авторы |
__ |
| a |
Другие авторы |
Илларионова Л. П. |
| q |
Полное имя |
Илларионова Людмила Петровна |
| 700 |
Другие авторы |
__ |
| a |
Другие авторы |
Корчагина Ю. В. |
| q |
Полное имя |
Корчагина Юлия Владимировна |
| 700 |
Другие авторы |
__ |
| a |
Другие авторы |
Осечкина Л. И. |
| q |
Полное имя |
Осечкина Лариса Ивановна |
| 700 |
Другие авторы |
__ |
| a |
Другие авторы |
Таболова Е. М. |
| q |
Полное имя |
Таболова Елена Мэлсовна |
| 700 |
Другие авторы |
__ |
| a |
Другие авторы |
Чижова К. И. |
| q |
Полное имя |
Чижова Карина Игоревна |
| 700 |
Другие авторы |
__ |
| a |
Другие авторы |
Жундрикова С. В. |
| q |
Полное имя |
Жундрикова Светлана Владимировна |
| 856 |
Электронный адрес документа |
40 |
| n |
Местонахождение сервера |
Юрайт |
| g |
|
Электронная книга |
| q |
Тип электронного формата |
html |
| h |
Имя пользователя |
ЮРАЙТ |
| v |
Часы доступа к ресурсу |
20271231 |
| 2 |
Способ доступа |
Показать документ |
| x |
Служебное примечание |
https://urait.ru/book/cover/3412213C-5888-411C-BD8B-43B79D150897 |
| u |
URL |
https://urait.ru/bcode/590430 |
| 856 |
Электронный адрес документа |
48 |
| q |
Тип электронного формата |
cover |
| u |
URL |
https://urait.ru/book/cover/3412213C-5888-411C-BD8B-43B79D150897 |
| 911 |
|
__ |
| u |
|
0030=https://urait.ru/bcode/590430 |
| 911 |
|
__ |
| u |
|
073a=9785534204650 |
| u |
|
073d=1769.00 |
| 911 |
|
__ |
| u |
|
106a=s |
| 911 |
|
__ |
| u |
|
900l= |
| 952 |
Тип литературы |
__ |
| i |
Дисциплина |
Основы социальной работы |
| 952 |
Тип литературы |
__ |
| i |
Дисциплина |
Социальная работа |
| 952 |
Тип литературы |
__ |
| i |
Дисциплина |
Теория и методика социальной работы |
| 952 |
Тип литературы |
__ |
| i |
Дисциплина |
Обеспечение реализации прав граждан в сфере пенсионного обеспечения и социальной защиты |
| 952 |
Тип литературы |
__ |
| i |
Дисциплина |
Введение в социальную работу |